Disounted cash flow analysis: line item interaction effects (Record no. 74156)

MARC details
000 -LEADER
fixed length control field 00931cab a2200229 4500
001 - CONTROL NUMBER
control field ABS67569
008 - FIXED-LENGTH DATA ELEMENTS--GENERAL INFORMATION
fixed length control field 040218n2004 000 0 eng u
035 ## - SYSTEM CONTROL NUMBER
System control number (Sirsi) u125187
100 ## - MAIN ENTRY--PERSONAL NAME
Personal name Rabianski, J.
245 ## - TITLE STATEMENT
Title Disounted cash flow analysis: line item interaction effects
260 ## - PUBLICATION, DISTRIBUTION, ETC.
Date of publication, distribution, etc. 2004
490 ## - SERIES STATEMENT
Series statement Real Estate Review
Volume/sequential designation 32(4) Winter 2004, 34-37 (4)
520 ## - SUMMARY, ETC.
Summary, etc. Presents several observations about the inputs into discounted cash flow (DCF) under the following headings: the interaction between variable operating expense and occupancy; reserves for replacement-differentiation of fixed versus variable aspects; probability of lease renewal and rent negotiation. Charts and tables.
590 ## - LOCAL NOTE (RLIN)
Local note ABS
650 ## - SUBJECT ADDED ENTRY--TOPICAL TERM
Topical term or geographic name entry element DCF ANALYSIS
650 ## - SUBJECT ADDED ENTRY--TOPICAL TERM
Topical term or geographic name entry element DCF MODELS
650 ## - SUBJECT ADDED ENTRY--TOPICAL TERM
Topical term or geographic name entry element DCF TECHNIQUES
650 ## - SUBJECT ADDED ENTRY--TOPICAL TERM
Topical term or geographic name entry element DCF METHOD
650 ## - SUBJECT ADDED ENTRY--TOPICAL TERM
Topical term or geographic name entry element OCCUPANCY RATES
690 ## - LOCAL SUBJECT ADDED ENTRY--TOPICAL TERM (OCLC, RLIN)
Topical term or geographic name as entry element PROPERTY-PROPERTY APPRAISAL AND VALUATION
942 ## - ADDED ENTRY ELEMENTS (KOHA)
Suppress in OPAC 0
Holdings
Withdrawn status Lost status Source of classification or shelving scheme Damaged status Not for loan Home library Current library Shelving location Date acquired Total Checkouts Full call number Barcode Date last seen Copy number Price effective from Koha item type
    Dewey Decimal Classification     London London Journal article 18/02/2004   ABS67569 125187-1001 06/08/2019 1 06/08/2019 Journal article